home page   АИС "Историко-культурное наследие Беларуси"
  Базовый | Расширенный | Профессиональный | Словарь персоналий | Тематический словарь | По видам объектов История запросов  Заказы    Регистрация

Запись в MARC-формате

копировать MARC-запись

=LDR  00000nx\\c2200229\\\45\\
=001  BY-NLB-ar44153
=005  20160330095634.3
=100  \\$a20001231arusy50\\\\\\ca0
=152  \\$apsbo
=160  \\$ae-bw
=215  \\$aКрайск, агрогородок (Логойский район)
=300  1\$aИзвестен с 1593 г. в Великом княжестве Литовском. С 1630 г. – местечко. До 1793 г. – в Ошмянском уезде Виленского воеводства. С 1793 г. – в Российской империи. В 1866 г. – центр волости в Вилейском уезде Виленской губернии. С 1919 г. – в БССР. До 1921 г. – в составе Виленского уезда, затем в Борисовском уезде, с 1924 г. центр сельсовета Плещеницкого района Борисовского, с 1927 г. – Минского округов (до 1930 г.), с 1938 г. – в Минской области, с 1962 г. – в Логойском районе. С 26.03.2008 г. – агрогородок.
=356  \\$aЦентр Крайского сельсовета Логойского района Минской области.
=515  \\$5w$3BY-NLB-ar44154$aКрайск, аграгарадок (Лагойскі раён)
=801  \2$aBY$bBY-HM0000$c20070713
=801  \0$aBY$bBY-HM0000$c20001231
=801  \1$aBY$bBY-HM0000$c20040804
=810  \\$aЭнцыклапедыя гісторыі Беларусі. У 6 т. Т. 4. — Мінск, 1997.
=810  \\$aГарады і вёскі Беларусі : энцыклапедыя. Т. 8. Мінская вобласць, кн. 3. — Мінск, 2012.
=810  \\$aНазвы населеных пунктаў Рэспублікі Беларусь : Мінская вобласць : нарматыўны даведнік. — Мінск, 2003.
=856  4\$uhttp://ate.nca.by/$zБД "Единый реестр административно-территориальных и территориальных единиц Республики Беларусь".$zДанные по состоянию на 12.03.2013.
=999  \\$g40$t20070713

Чтобы вернуться назад, щелкните кнопку BACK на Вашем браузере